HOTEL HOUSEKEEPING (Record no. 25722)

MARC details
000 -LEADER
fixed length control field 00308nam a22001457a 4500
003 - CONTROL NUMBER IDENTIFIER
control field SGT
020 ## - INTERNATIONAL STANDARD BOOK NUMBER
International Standard Book Number 93-5497-138-5
082 ## - DEWEY DECIMAL CLASSIFICATION NUMBER
Classification number 648
Item number RAG
100 ## - MAIN ENTRY--PERSONAL NAME
Personal name RAGHUBALAN, G.
245 ## - TITLE STATEMENT
Title HOTEL HOUSEKEEPING
260 ## - PUBLICATION, DISTRIBUTION, ETC. (IMPRINT)
Place of publication, distribution, etc INDIA
Name of publisher, distributor, etc OXFORD
Year of Publication 2023
300 ## - PAGE DESCRIPTION
No. of Pages 851
650 ## - SUBJECT ADDED ENTRY--TOPICAL TERM
Topical term or geographic name as entry element HOUSEKEEPING
942 ## - ADDED ENTRY ELEMENTS (KOHA)
Source of classification or shelving scheme Dewey Decimal Classification
Koha item type Books
942 ## - ADDED ENTRY ELEMENTS (KOHA)
-- 3
Holdings
Withdrawn status Lost status Source of classification or shelving scheme Damaged status Not for loan Collection code Home library Current library Shelving location Date acquired Vendor Name Cost, normal purchase price SGTU Bill Number Full call number Accession No. (Barcode) Date last seen Bill Date Koha item type Total Checkouts Date last borrowed
    Dewey Decimal Classification   Not For Loan HOTEL MANAGEMENT SGT Science & Social Sciences Library SGT Science & Social Sciences Library Reference Book 23/02/2024 ABC 910.00 SGTU IN232 648 RAG HM1280 23/02/2024   Books    
    Dewey Decimal Classification     HOTEL MANAGEMENT SGT Science & Social Sciences Library SGT Science & Social Sciences Library Text Book 23/02/2024 ABC 910.00 SGTU IN232 648 RAG HM1281 15/01/2025   Books 1 07/01/2025
    Dewey Decimal Classification     HOTEL MANAGEMENT SGT Science & Social Sciences Library SGT Science & Social Sciences Library Text Book 23/02/2024 ABC 910.00 SGTU IN232 648 RAG HM1282 03/01/2025   Books 1 04/11/2024
    Dewey Decimal Classification     HOTEL MANAGEMENT SGT Science & Social Sciences Library SGT Science & Social Sciences Library Text Book 23/02/2024 ABC 910.00 SGTU IN232 648 RAG HM1283 15/01/2025   Books 1 10/01/2025
    Dewey Decimal Classification     HOTEL MANAGEMENT SGT Science & Social Sciences Library SGT Science & Social Sciences Library Text Book 23/02/2024 ABC 910.00 SGTU IN232 648 RAG HM1284 23/02/2024   Books